| 000 | 00858cam a22002531 4500 | ||
|---|---|---|---|
| 001 | ne 68003738 | ||
| 003 | DLC | ||
| 005 | 20260227111847.0 | ||
| 008 | 840111s1967 mr b 000 0 ararc | ||
| 010 | _ane 68003738 | ||
| 035 | _a(OCoLC)10288183 | ||
| 040 |
_aPrinceton Univ. Libr. _cTxU _dTxU _dOCoLC _dDLC |
||
| 042 | _apremarc | ||
| 050 | 0 | 0 |
_aDP102 _b.T87 |
| 100 | 1 | _aTawātī, ʻAbd al-Karīm. | |
| 245 | 1 | 0 |
_aMaʼsāt inhiyār al-wujūd al-ʻArabī bi-al-Andalus _c[taʼlīf] ʻAbd al-Karīm al-Tuwātī. |
| 250 | _a[al-Ṭabʻah 1] | ||
| 260 |
_aal-Dār al-Bayḍāʼ, _bMaktabat al-Irshād, _c[1967] |
||
| 300 |
_a688 p. ; _c24 cm. |
||
| 500 | _aCover title: La chute tragique de la présence arabe en Andalousie [par] Abdelkarim Touati. | ||
| 504 | _aBibliography: p. 682. | ||
| 650 | 0 |
_aArabs _zSpain. |
|
| 651 | 0 |
_aSpain _xHistory _y711-1516. |
|
| 999 |
_c50819 _d50819 |
||